Anderson family papers, (Record no. 42115)

MARC details
000 -LEADER
fixed length control field 01545cpcaa2200361 4500
001 - CONTROL NUMBER
control field mm 79010900
003 - CONTROL NUMBER IDENTIFIER
control field DLC
005 - DATE AND TIME OF LATEST TRANSACTION
control field 20260227111654.0
008 - FIXED-LENGTH DATA ELEMENTS--GENERAL INFORMATION
fixed length control field 790726|||||||||||| eng
010 ## - LIBRARY OF CONGRESS CONTROL NUMBER
LC control number mm 79010900
NUCMC control number ms 66001383
040 ## - CATALOGING SOURCE
Original cataloging agency DLC
Transcribing agency DLC
Modifying agency DLC
Description conventions dacs
072 #7 - SUBJECT CATEGORY CODE
Subject category code W
Source lcmd
245 00 - TITLE STATEMENT
Title Anderson family papers,
Inclusive dates 1854-1931.
300 ## - PHYSICAL DESCRIPTION
Extent 150
Type of unit items.
300 ## - PHYSICAL DESCRIPTION
Extent 1
Type of unit container.
506 0# - RESTRICTIONS ON ACCESS NOTE
Terms governing access Open to research.
520 8# - SUMMARY, ETC.
Summary, etc. Correspondence (1854-1895) of the Anderson and Moler (Mohler) families of Anderson County, Kan., and Ohio, relating to farming and to family matters; correspondence (1915-1931) of Cora W. (Anderson) Du Laney and Homer Eiler concerning the genealogy of the Anderson, Bealmear, Duckett, Moler (Mohler), and other related families of Maryland, Pennsylvania, and Virginia.
546 ## - LANGUAGE NOTE
Language note Collection material in English.
600 30 - SUBJECT ADDED ENTRY--PERSONAL NAME
Personal name Anderson family.
600 30 - SUBJECT ADDED ENTRY--PERSONAL NAME
Personal name Bealmear family.
600 30 - SUBJECT ADDED ENTRY--PERSONAL NAME
Personal name Duckett family.
600 30 - SUBJECT ADDED ENTRY--PERSONAL NAME
Personal name Mohler family.
650 #0 - SUBJECT ADDED ENTRY--TOPICAL TERM
Topical term or geographic name entry element Agriculture
Geographic subdivision Kansas
-- Anderson County.
650 #0 - SUBJECT ADDED ENTRY--TOPICAL TERM
Topical term or geographic name entry element Agriculture
Geographic subdivision Ohio.
651 #0 - SUBJECT ADDED ENTRY--GEOGRAPHIC NAME
Geographic name Anderson County (Kan.)
General subdivision Social life and customs.
651 #0 - SUBJECT ADDED ENTRY--GEOGRAPHIC NAME
Geographic name Maryland
Form subdivision Genealogy.
651 #0 - SUBJECT ADDED ENTRY--GEOGRAPHIC NAME
Geographic name Pennsylvania
Form subdivision Genealogy.
651 #0 - SUBJECT ADDED ENTRY--GEOGRAPHIC NAME
Geographic name Virginia
Form subdivision Genealogy.
700 1# - ADDED ENTRY--PERSONAL NAME
Personal name Dulaney, Cora W.
Title of a work Cora W. Dulaney papers.
700 1# - ADDED ENTRY--PERSONAL NAME
Personal name Eiler, Homer.
Title of a work Homer Eiler papers.

No items available.

Powered by Koha